| 000 | 00786cam a22002532 4500 | ||
|---|---|---|---|
| 001 | 25026 | ||
| 003 | BD-RjUL | ||
| 005 | 20211209050823.0 | ||
| 008 | 140316r19701960enkb 001 0 eng d | ||
| 035 | _a(BD-RjUL)25095 | ||
| 040 |
_aDLC _cCarP _dDLC _dBD-RjUL _beng |
||
| 041 | _aeng | ||
| 082 | 0 | 0 |
_a944.04 _bBEF 1970 |
| 100 | 1 |
_aBelloc, Hilaire, _d1870-1953. _954420 |
|
| 245 | 1 | 4 |
_aThe French Revolution / _cHilaire Belloc, |
| 260 |
_aLondon ; _aNew York : _bOxford U.P., _c1966. [Reprinted 1970] |
||
| 300 |
_aix, 150 p. : _bmaps. ; _c20 cm. |
||
| 504 | _aIncludes Index | ||
| 651 | 0 |
_aFrance _xHistory _yRevolution, 1789-1799. _976987 |
|
| 651 | 0 |
_aFrance _xHistory _yRevolution, 1789-1799 _xCauses. _976829 |
|
| 942 |
_2ddc _cBK |
||
| 999 |
_c25026 _d25026 |
||